Statistics for J.E.T.P.U.N.K. Country Quiz #16: Unscramble Country Names

Click here to take the quiz!

General Stats

  • This quiz has been taken 37 times
  • The average score is 6 of 7

Answer Stats

HintAnswer% Correct
macaijaJamaica
97%
vaulutTuvalu
94%
takuwiKuwait
91%
lopadnPoland
91%
bamianiNamibia
78%
kaurienUkraine
75%
iwaistenEswatini
72%

Score Distribution

Percentile by Number Answered

Percent of People with Each Score

Your Score History

You have not taken this quiz